[Event "8th Nana Aleksandria"]
[Site "Poti GEO"]
[Date "2013.07.18"]
[Round "6.4"]
[White "Iskandarov,M"]
[Black "Zarkua,D"]
[Result "0-1"]
[WhiteElo "2371"]
[BlackElo "2416"]

1.e4 g6 2.d4 Bg7 3.Nc3 c6 4.Bc4 d6 5.Qf3 e6 6.Nge2 b5 7.Bd3 e5 8.dxe5 dxe5
9.O-O Be6 10.Be3 Nd7 11.b4 Ngf6 12.a4 a6 13.Ra3 c5 14.axb5 cxb4 15.Rxa6 bxc3
16.Rfa1 Rb8 17.Nxc3 O-O 18.h3 Nh5 19.Bf1 Nf4 20.Qd1 h5 21.Nd5 Nf6 22.Rd6 Qe8
23.Nxf6+ Bxf6 24.g3 Rxb5 25.gxf4 exf4 26.Bxb5 Qxb5 27.Bxf4 Qc4 28.Ra3 Qxe4
29.Rf3 Bg7 30.Qd3 Qe1+ 31.Kh2 Bf5 32.Qd1 Qe4 33.Rd8 Rxd8 34.Qxd8+ Kh7 35.Qd1 Qc4
36.Bg3 Be6 37.Qd3 Qc8 38.Bd6 Qc6 39.Bb8 Bc4 40.Qd1 Qb5 41.Qd6 Bd5 42.Rg3 Qc4
43.Rg1 Qe4 44.Qf4 Qxc2 45.Rc1 Qb2 46.Rd1 Bh6 47.Qg3 h4 48.Qxh4 Qxb8+ 49.Kg1 Qb3
50.Qd4 Bf3 51.Re1 Bc6 52.Qf6 Qd5 53.f3 Qxf3 54.Qxf3 Bxf3 55.Kf2 Bd5 56.Kg3 Be6
57.Re2 Bf8 58.Rd2 Kh6 59.Rd3 Kh5 60.Rd8 Bg7 61.Rd3 Be5+ 62.Kg2 Bf5 63.Re3 f6
64.Ra3 Be4+ 65.Kg1 f5 66.Rb3 Kh4 67.Rb6 Bd4+ 68.Kh2 Be5+ 69.Kg1 g5 70.Re6 Bf4
71.Rh6+ Kg3  0-1

[Event "II ITT LXSBC 2013"]
[Site "Sao Paulo BRA"]
[Date "2013.07.18"]
[Round "7.3"]
[White "Zampronha,W"]
[Black "Carneiro,Vitor Roberto Castro"]
[Result "1/2-1/2"]
[WhiteElo "2159"]
[BlackElo "2238"]

1.e4 g6 2.d4 Bg7 3.Nc3 c6 4.Nf3 d5 5.h3 Nf6 6.e5 Ne4 7.Nxe4 dxe4 8.Ng5 c5
9.dxc5 Qc7 10.Qd5 O-O 11.Qxe4 Bf5 12.Qc4 Nc6 13.f4 b5 14.cxb6 Qxb6 15.c3 Rac8
16.Qa6 Qb8 17.Qb5 Qc7 18.Be2 f6 19.exf6 exf6 20.Nf3 Rfe8 21.O-O Rb8 22.Qc4+ Be6
23.Qa4 Kh8 24.Bc4 Bd7 25.Qc2 Rbd8 26.Bd3 Qd6 27.Re1 Ne7 28.Nd4 Nd5 29.Rxe8+ Rxe8
30.Qf2 Bh6 31.f5 Nf4 32.Bf1 Bxf5 33.g3 Nxh3+ 34.Bxh3 Bxc1 35.Rxc1 Bxh3 36.Re1 Rxe1+
37.Qxe1 Kg7 38.Qf2 Bd7 39.a3 a6 40.Qe3 h5 41.c4 Kf7 42.b4 f5 43.Qf4 Qf6 44.Nf3 Qa1+
45.Kh2 Qb2+ 46.Kh3 Qxa3 47.Ne5+ Ke6 48.Nxd7 Kxd7 49.Qd4+ Ke8 50.Qe5+ Kf7
51.Qd5+ Kf8 52.Qd6+ Kg7 53.Qe7+ Kh6 54.Qf8+ Kh7  1/2-1/2

[Event "8th Nana Aleksandria"]
[Site "Poti GEO"]
[Date "2013.07.19"]
[Round "8.3"]
[White "Quparadze,G"]
[Black "Iskandarov,M"]
[Result "1-0"]
[WhiteElo "2497"]
[BlackElo "2371"]

1.e4 g6 2.d4 Bg7 3.Nc3 c6 4.Bc4 d5 5.exd5 b5 6.Bb3 b4 7.Nce2 cxd5 8.a3 bxa3
9.Rxa3 Nf6 10.Nf3 O-O 11.O-O Nc6 12.Ne5 Qb6 13.Nc3 Rd8 14.Na4 Qc7 15.Bf4 Nh5
16.Nxc6 Qxc6 17.Be3 Nf6 18.c3 Ng4 19.Bf4 e5 20.Bg5 f6 21.Bc1 Nh6 22.Nc5 Nf5
23.Ba2 Kh8 24.b4 exd4 25.cxd4 Nd6 26.Re1 Nc4 27.Rc3 Qb5 28.Qf3 Qxb4 29.Bxc4 Bg4
30.Qg3 dxc4 31.Ba3 Qa5 32.Nb7 Re8 33.Rec1 Qh5 34.Nd6 Re2 35.Rxc4 Be6 36.Rc5 Qg4
37.Qd3 Ra2 38.Qe3 h5 39.h3 Qe2 40.Qxe2 Rxe2 41.d5 Bg8 42.Nb5 f5 43.d6 a6
44.Nc7 Rd8 45.R5c2 Rxc2 46.Rxc2 Be5 47.Rc6 Rb8 48.g3 f4 49.gxf4 Bxf4 50.d7 Rd8
51.Bb2+ Kh7 52.Ne8 Kh6 53.Nf6 Bd2 54.Nxg8+  1-0

[Event "31st Andorra Open"]
[Site "La Massana AND"]
[Date "2013.07.20"]
[Round "1.16"]
[White "Bapst,V"]
[Black "Norwood,D"]
[Result "0-1"]
[WhiteElo "2011"]
[BlackElo "2491"]

1.e4 g6 2.d4 Bg7 3.Nc3 c6 4.Nf3 d6 5.h3 Nf6 6.Bd3 O-O 7.a4 a5 8.O-O Na6 9.Re1 Nb4
10.Bf1 e5 11.Na2 exd4 12.Nxb4 axb4 13.Nxd4 Re8 14.Bd3 Bd7 15.Nb3 Qc7 16.Qf3 Be6
17.Bd2 Nd7 18.Bxb4 c5 19.Ba5 b6 20.Bc3 Bxc3 21.bxc3 c4 22.Nd4 cxd3 23.Nb5 Qc6
24.cxd3 Nc5 25.Qg3 Nxa4 26.Nxd6 Nxc3 27.Rac1 Ne2+ 28.Kh2  0-1

[Event "Open Desko Liberec 2013"]
[Site "Liberec CZE"]
[Date "2013.07.21"]
[Round "2.5"]
[White "Krtous,Z1"]
[Black "Karlik,V"]
[Result "0-1"]
[WhiteElo "2040"]
[BlackElo "2297"]

1.e4 g6 2.d4 Bg7 3.Nc3 c6 4.Bc4 d6 5.Bb3 Nf6 6.Nge2 O-O 7.f3 Nbd7 8.Be3 b5
9.Nf4 a5 10.a3 Ba6 11.h4 c5 12.dxc5 dxc5 13.e5 Nxe5 14.Qxd8 Rfxd8 15.Bxc5 Nc4
16.Bxc4 bxc4 17.Rd1 Rxd1+ 18.Nxd1 e5 19.Ne2 Nd5 20.Ndc3 Rc8 21.Bf2 Nxc3 22.Nxc3 Rb8
23.Nd1 f5 24.Be3 Bf8 25.h5 c3 26.Nxc3 Rxb2 27.Kd2 Bxa3 28.Rb1 gxh5 29.Rxb2 Bxb2
30.Bb6 Kf7 31.Bxa5 h4 32.Ke3 Ba3 33.Bb6 Ke6 34.Nb1 Bc1+ 35.Kf2 Bc4 36.Be3 Bb2
37.Nd2 Ba6 38.Bb6 Bd4+ 39.Bxd4 exd4 40.f4 Bb7 41.Nb1 Be4 42.Nd2 Kd5  0-1

[Event "Maccabiah GM1 2013"]
[Site "Jerusalem ISR"]
[Date "2013.07.26"]
[Round "8.5"]
[White "Dvoirys,S"]
[Black "Finkel,A"]
[Result "1-0"]
[WhiteElo "2538"]
[BlackElo "2500"]

1.e4 g6 2.d4 Bg7 3.Nc3 c6 4.Nf3 d6 5.h3 Nf6 6.Bd3 O-O 7.Be3 Nbd7 8.Qd2 e5
9.O-O b5 10.Bh6 exd4 11.Nxd4 b4 12.Nce2 c5 13.Nf3 Ne5 14.Nxe5 dxe5 15.a3 a5
16.axb4 cxb4 17.Be3 Qe7 18.b3 Bb7 19.Ng3 Nd7 20.Bc4 Nc5 21.Rfd1 Rfc8 22.Qd6 Qxd6
23.Rxd6 Nxe4 24.Rb6 Nxg3 25.Rxb7 Nf5 26.Bxf7+ Kh8 27.Bb6 Nd6 28.Bd5 e4 29.Rxg7 Kxg7
30.Bxa8 Rxa8 31.Rxa5 Rc8 32.Rc5 Ra8 33.Ba5 Kf7 34.Bxb4 Ra1+ 35.Kh2 Nf5 36.Rc7+ Ke6
37.Rxh7 Rf1 38.Bc5 Rc1 39.g4 Rxc2 40.gxf5+ gxf5 41.Be3 f4 42.Bxf4 Rxf2+ 43.Kg3 Rf3+
44.Kg4 Rxb3 45.Rh5  1-0

[Event "Open Desko Liberec 2013"]
[Site "Liberec CZE"]
[Date "2013.07.26"]
[Round "8.3"]
[White "Tuma,Ja"]
[Black "Karlik,V"]
[Result "1/2-1/2"]
[WhiteElo "2290"]
[BlackElo "2297"]

1.e4 g6 2.d4 Bg7 3.Nc3 c6 4.Nf3 d6 5.Bc4 Nf6 6.Bb3 O-O 7.O-O Qc7 8.Be3 Nbd7
9.Qd2 b5 10.a3 a6 11.Rfe1 c5 12.dxc5 Nxc5 13.Nd5  1/2-1/2

[Event "5th Rethymno Open"]
[Site "Rethymno GRE"]
[Date "2013.07.29"]
[Round "2.6"]
[White "Kokolias,K"]
[Black "Kharitonov,Alexandr"]
[Result "1/2-1/2"]
[WhiteElo "2135"]
[BlackElo "2538"]

1.e4 g6 2.d4 Bg7 3.Nc3 c6 4.f4 d5 5.e5 Nh6 6.Nf3 Bg4 7.Be3 Qb6 8.Rb1 Nf5
9.Bf2 e6 10.h3 Bxf3 11.Qxf3 h5 12.Bd3 h4 13.O-O Nd7 14.Ne2 Bf8 15.b3 Qa5
16.c4 Be7 17.Rfc1 Kf8 18.Rc2 Kg7 19.b4 Qd8 20.b5 Rc8 21.c5 b6 22.a4 bxc5
23.dxc5 Qa5 24.bxc6 Nb8 25.Bb5 Nxc6 26.Qc3 Qxc3 27.Rxc3 Rc7 28.Ba6 d4 29.Rcc1 Rb8
30.Rxb8 Nxb8 31.Bd3 Rxc5 32.Rxc5 Bxc5 33.Bxf5 exf5 34.Bxd4 Nd7 35.Kf2 Bxd4+
36.Nxd4 a5  1/2-1/2

[Event "5th Rethymno Open"]
[Site "Rethymno GRE"]
[Date "2013.07.30"]
[Round "4.4"]
[White "David,Alb"]
[Black "Skembris,S"]
[Result "1-0"]
[WhiteElo "2589"]
[BlackElo "2458"]

1.e4 g6 2.d4 c6 3.Nc3 Bg7 4.Nf3 d6 5.Be3 b5 6.h3 Qc7 7.Bd3 Nd7 8.O-O Ngf6
9.Ne2 e5 10.c3 O-O 11.Ng3 Re8 12.a4 d5 13.dxe5 Nxe4 14.Nxe4 dxe4 15.Bxe4 Bb7
16.Bf4 Nxe5 17.Re1 Rad8 18.Qe2 a6 19.axb5 axb5 20.Bc2 Nxf3+ 21.Qxf3 Rxe1+
22.Rxe1 Qc8 23.Qe2 h5 24.Bg5 Rd5 25.Qe8+ Kh7 26.Bf4 Qxe8 27.Rxe8 Rd7 28.Be3 b4
29.cxb4 Bxb2 30.Bb3 Ba6 31.Bc5 Bb5 32.g4 hxg4 33.hxg4 g5 34.Kg2 Bf6 35.Re3 Kg7
36.Re8 Rd8 37.Rxd8 Bxd8 38.Kf3 Bf6 39.Ke3 Bd8 40.Ke4 Kg6 41.Ke5 Bc7+ 42.Bd6 Bb6
43.Bc2+ Kg7 44.Bc5 Bc7+ 45.Kf5 Bf4 46.Bd4+ Kf8 47.Kf6 Be2 48.Be4 Bb5 49.Be3 Bxe3
50.fxe3 Ke8 51.Bf3 Ba4 52.e4 Bb5 53.e5 Ba4 54.Be4 Bb5 55.Kxg5 Ke7 56.Kf5 Ba4
57.g5 Bb5 58.Bf3 Ba4 59.Ke4 Bb5 60.Kd4 Ke6 61.Bg4+ Ke7 62.Kc5 Ba4 63.Kb6 Kd8
64.Be2 Kd7 65.Bc4 Ke8 66.Kc7 Ke7 67.Ba2 Bb5 68.Bb3  1-0

[Event "Politiken Cup 2013"]
[Site "Helsingor DEN"]
[Date "2013.07.31"]
[Round "6.9"]
[White "Ochsner,B"]
[Black "Maze,S"]
[Result "0-1"]
[WhiteElo "2343"]
[BlackElo "2547"]

1.e4 g6 2.d4 Bg7 3.Nc3 c6 4.Nf3 d6 5.a4 Nf6 6.h3 O-O 7.Be3 Nbd7 8.Be2 e5
9.dxe5 dxe5 10.O-O Qe7 11.Nd2 Nc5 12.Bc4 Rd8 13.Qe2 Ne6 14.Bxe6 Bxe6 15.a5 Nh5
16.Rfd1 Nf4 17.Qf1 Bf8 18.Nc4 Qg5 19.g3 Bxh3 20.Bxf4 Qh5 21.Rxd8 Rxd8 22.Qc1 Qf3
23.Ne3 exf4 24.gxf4 Bc5 25.Ncd1 Qxf4 26.a6 Bd6 27.e5 Bxe5  0-1

[Event "XXII TCh-MKD 2013"]
[Site "Struga MKD"]
[Date "2013.07.31"]
[Round "3.2"]
[White "Kiroski,T"]
[Black "Pancevski,F"]
[Result "0-1"]
[WhiteElo "2341"]
[BlackElo "2506"]

1.e4 g6 2.d4 Bg7 3.Nc3 c6 4.Nf3 d6 5.Bc4 Nf6 6.Bb3 O-O 7.h3 b5 8.a3 Ba6 9.e5 dxe5
10.Nxe5 Nfd7 11.Ng4 e6 12.Bh6 Bxh6 13.Nxh6+ Kg7 14.Qd2 c5 15.Ng4 c4 16.Ba2 f5
17.Qh6+ Kg8 18.Ne5 Nxe5 19.dxe5 Nc6 20.Rd1 Qc7 21.Rd6 Rad8 22.Rxe6 Bc8 23.Rxg6+ hxg6
24.Qxg6+ Kh8 25.Qh6+ Kg8 26.Qg6+ Qg7 27.Qxc6 Qxe5+ 28.Kf1 a6 29.Qg6+ Qg7
30.Qxg7+ Kxg7 31.Bb1 Rfe8 32.h4 a5 33.Kg1 b4  0-1

[Event "Biel MTO 2013"]
[Site "Biel SUI"]
[Date "2013.08.01"]
[Round "10.9"]
[White "Smeets,J"]
[Black "Huang Qian"]
[Result "1-0"]
[WhiteElo "2643"]
[BlackElo "2487"]

1.e4 g6 2.d4 Bg7 3.Nc3 c6 4.f4 d6 5.Nf3 b5 6.Bd3 Bg4 7.e5 dxe5 8.dxe5 Nh6
9.h3 Bf5 10.g4 Bxd3 11.Qxd3 Qxd3 12.cxd3 f5 13.Rg1 e6 14.a4 b4 15.Ne2 Kd7
16.Be3 Bf8 17.Rc1 Nf7 18.Ned4 Nd8 19.gxf5 gxf5 20.Bf2 Bh6 21.Bh4 Bxf4 22.Rg7+ Kc8
23.Rc4 Bh6 24.Re7 b3 25.Kf2 a5 26.Bf6  1-0

[Event "XXII TCh-MKD 2013"]
[Site "Struga MKD"]
[Date "2013.08.03"]
[Round "6.3"]
[White "Ilic,Mi"]
[Black "Gjorgjieski,D"]
[Result "0-1"]
[WhiteElo "2202"]
[BlackElo "2201"]

1.e4 g6 2.d4 Bg7 3.Nc3 c6 4.f4 d6 5.Nf3 b5 6.Be3 a6 7.Bd3 Nd7 8.e5 Nb6 9.O-O Nh6
10.h3 O-O 11.Qe2 f5 12.Bf2 Qc7 13.Nd1 Nf7 14.Ne3 Bh6 15.g3 dxe5 16.dxe5 e6
17.c4 b4 18.c5 Nd5 19.Nxd5 cxd5 20.h4 Nd8 21.Nd4 Nc6 22.Nxc6 Qxc6 23.Bd4 Rf7
24.Rac1 Bf8 25.Kg2 Rg7 26.g4 fxg4 27.Qxg4 Qa4 28.Qd1 Qc6 29.Kh3 a5 30.Rg1 Ba6
31.Rg2 Raa7 32.Bb1 Raf7 33.Qd2 a4 34.b3 Bb5 35.Rcg1 axb3 36.axb3 Qa6 37.Rg4 Be2
38.R4g2 Bf1 39.Kh2 Bxg2 40.Kxg2 Qa5 41.Rc1 Rc7 42.Qe3 Rc8 43.Kh3 Qd8 44.Bd3 Be7
45.c6 Qf8 46.c7 Rf7 47.Kg3 Qh6 48.Ba6  0-1

[Event "11th Davos Holiday Open 2013"]
[Site "Davos SUI"]
[Date "2013.08.07"]
[Round "2.1"]
[White "Cacciola,A"]
[Black "Chatalbashev,B"]
[Result "0-1"]
[WhiteElo "2100"]
[BlackElo "2523"]

1.e4 g6 2.d4 Bg7 3.Nc3 c6 4.Nf3 d6 5.a4 Nf6 6.h3 O-O 7.Be3 Nbd7 8.a5 Qc7
9.Be2 e5 10.dxe5 Nxe5 11.Nxe5 dxe5 12.Bc4 Nh5 13.O-O Nf4 14.Qb1 Qe7 15.Qd1 Be6
16.Bxe6 Nxe6 17.Qd3 Rfd8 18.Qc4 Nd4 19.Na4 Qh4 20.f3 b5 21.axb6 axb6 22.Bxd4 exd4
23.Nxb6 Rxa1 24.Rxa1 d3  0-1

[Event "XI Miguel Najdorf Open A 2013"]
[Site "Warsaw POL"]
[Date "2013.08.07"]
[Round "3.9"]
[White "Kukawski,M"]
[Black "Cajbel,M"]
[Result "1-0"]
[WhiteElo "2317"]
[BlackElo "2201"]

1.d4 g6 2.e4 Bg7 3.Nc3 c6 4.f4 d5 5.e5 Qb6 6.Na4 Qc7 7.Be3 Nh6 8.h3 O-O 9.Qd2 f6
10.Nf3 Nd7 11.c4 Nb6 12.Nxb6 Qxb6 13.c5 Qc7 14.g4 fxe5 15.Nxe5 Nf7 16.Be2 Nxe5
17.fxe5 b6 18.Rc1 a5 19.h4 bxc5 20.Rxc5 Ba6 21.h5 Bxe2 22.Qxe2 Qd7 23.hxg6 hxg6
24.Rc3 Rab8 25.Kd1 Rb5 26.Bh6 Rb4 27.Kc1 Bxh6+ 28.Rxh6 Rxd4 29.Rxg6+ Kh7
30.Rcxc6 e6 31.Rgxe6 Rc4+ 32.Qxc4  1-0

[Event "HZ Open 2013"]
[Site "Vlissingen NED"]
[Date "2013.08.09"]
[Round "8.42"]
[White "Schouten,Jordy"]
[Black "Rosmuller,A"]
[Result "1-0"]
[WhiteElo "1887"]
[BlackElo "2091"]

1.e4 g6 2.d4 Bg7 3.Nc3 c6 4.Be3 Nf6 5.f3 d6 6.Qd2 h5 7.O-O-O Be6 8.Nge2 Bc4
9.Nf4 Bxf1 10.Rhxf1 e6 11.Kb1 a6 12.Nd3 Nbd7 13.h3 Qc7 14.f4 d5 15.e5 Ng8
16.g4 hxg4 17.hxg4 Ne7 18.Ne2 O-O-O 19.Ng3 f6 20.f5 exf5 21.gxf5 c5 22.e6 Qxg3
23.Bf4 Qg4 24.exd7+ Rxd7 25.Nxc5 Nc6 26.Nxd7 Kxd7 27.fxg6  1-0

[Event "3rd Split Open 2013"]
[Site "Split CRO"]
[Date "2013.08.11"]
[Round "2.13"]
[White "Deur,Z"]
[Black "Sale,S"]
[Result "0-1"]
[WhiteElo "2102"]
[BlackElo "2409"]

1.e4 g6 2.d4 Bg7 3.Nc3 c6 4.Be3 d6 5.f4 Qb6 6.a3 Nf6 7.h3 d5 8.e5 Ne4 9.Nxe4 dxe4
10.Bc4 Na6 11.Ne2 Nc7 12.Nc3 Be6 13.Bxe6 Nxe6 14.O-O O-O-O 15.Nxe4 Qxb2 16.c3 Qb5
17.Qc2 Qc4 18.Rab1 Rxd4 19.Bxd4 Nxd4 20.Qb2 Nb5 21.Qb4 Qxb4 22.Rxb4 f6 23.a4 Nc7
24.exf6 Bxf6 25.Nxf6 exf6 26.Rfb1 b6 27.a5 b5 28.Rd4 Nd5 29.c4 Nc3 30.Rb2 Kc7
31.cxb5 Nxb5 32.Rc4 Nd6 33.Rcb4 c5 34.R4b3 Re8 35.Kf2 c4 36.Rb4 Kc6 37.Rb8 c3
38.Rxe8 cxb2 39.Re1 Ne4+ 40.Rxe4 b1=Q  0-1

[Event "1st Jaen IM 2013"]
[Site "Jaen ESP"]
[Date "2013.08.12"]
[Round "2.4"]
[White "Melgosa,M"]
[Black "Renteria,J"]
[Result "1/2-1/2"]
[WhiteElo "2251"]
[BlackElo "2317"]

1.e4 g6 2.d4 Bg7 3.Nc3 c6 4.Bc4 d6 5.Qf3 e6 6.Nge2 Nd7 7.Bb3 Qe7 8.O-O Ngf6
9.Bg5 h6 10.Bh4 O-O 11.a4 e5 12.Rad1 a5 13.Qe3 g5 14.Bg3 Nh5 15.Rfe1 Re8
16.Qd2 Nf8 17.f3 Ng6 18.Bf2 Nhf4 19.dxe5 dxe5 20.Qd6 Qxd6 21.Rxd6 Bf8 22.Rd2 Bb4
23.Red1 Nxe2+ 24.Rxe2 g4 25.Be3 gxf3 26.gxf3 Nf4 27.Red2 Kg7 28.Kh1 Bh3 29.Rg1+ Kf6
30.Rg3 Bc8 31.Rg1 h5 32.Rdd1 Bh3 33.Bxf4 exf4 34.e5+ Rxe5 35.Ne4+ Rxe4 36.fxe4 Re8
37.Rd3 Bg4 38.h3 Be2 39.Rd7 Re7 40.e5+ Kxe5 41.Rxe7+ Bxe7 42.Re1 f3 43.Bc4 Bh4  1/2-1/2

[Event "10th Malaysian Open"]
[Site "Kuala Lumpur MAS"]
[Date "2013.08.12"]
[Round "5.18"]
[White "Yee Soon Wei"]
[Black "Ramnath,B"]
[Result "1/2-1/2"]
[WhiteElo "2232"]
[BlackElo "2400"]

1.e4 g6 2.d4 Bg7 3.Nc3 c6 4.Nf3 d5 5.h3 e6 6.Be2 Nf6 7.e5 Nfd7 8.Bf4 a6 9.Nb1 c5
10.c3 Nc6 11.Qd2 h6 12.Na3 g5 13.Be3 cxd4 14.cxd4 f6 15.exf6 Nxf6 16.Ne5 O-O  1/2-1/2

[Event "3rd Split Open 2013"]
[Site "Split CRO"]
[Date "2013.08.12"]
[Round "3.21"]
[White "Cecuk,M"]
[Black "Afanasiev,Va"]
[Result "0-1"]
[WhiteElo "2089"]
[BlackElo "2297"]

1.e4 g6 2.d4 Bg7 3.Nc3 c6 4.g3 d5 5.exd5 cxd5 6.Bg2 Nf6 7.Nge2 Nc6 8.h3 O-O
9.O-O b6 10.Re1 e6 11.b3 Re8 12.Bb2 Bb7 13.Kh2 a6 14.Qd2 Rc8 15.Rac1 b5 16.a3 Nd7
17.Nd1 Nb6 18.Ne3 h5 19.h4 Bh6 20.f4 Bg7 21.Rcd1 Qd7 22.Ng1 a5 23.Nf3 b4
24.a4 Ba6 25.Bf1 Bxf1 26.Rxf1 Qd6 27.Rf2 Nd7 28.Ne5 Nf6 29.Rg2 Ne4 30.Qe2 Ne7
31.g4 f6 32.gxh5 fxe5 33.fxe5 Qd8 34.hxg6 Rf8 35.Qh5 Rf4 36.Rf1 Rxf1 37.Nxf1 Nf5
38.Kh3 Bh6 39.Bc1 Rc3+ 40.Kg4 Qxh4+ 41.Qxh4 Nxh4 42.Kxh4 Bxc1 43.Nh2 Kg7
44.Ng4  0-1

[Event "XXIV Jozefa Kochana Mem"]
[Site "Koszalin POL"]
[Date "2013.08.13"]
[Round "5.3"]
[White "Czajkowski,Ad"]
[Black "Voloshin,L"]
[Result "0-1"]
[WhiteElo "1933"]
[BlackElo "2420"]

1.e4 g6 2.d4 c6 3.Nc3 Bg7 4.g3 d6 5.Bg2 Nd7 6.a4 e5 7.Nge2 a5 8.O-O Ngf6
9.h3 O-O 10.Be3 Re8 11.g4 h5 12.g5 Nh7 13.Qd2 Qe7 14.f4 exf4 15.Bxf4 Ndf8
16.h4 Bg4 17.Rae1 f6 18.d5 fxg5 19.hxg5 Be5 20.dxc6 bxc6 21.Nd4 Bd7 22.Bxe5 dxe5
23.Nf3 Bg4 24.Nh2 Bc8 25.Nf3 Bg4 26.Nh2 Rad8 27.Qf2 Bc8 28.Qb6 Rd6 29.Qxa5 Nxg5
30.Re3 Nfh7 31.Qc5 Ba6 32.Rf2 Rd1+  0-1

[Event "22nd ZMDI Open 2013"]
[Site "Dresden GER"]
[Date "2013.08.14"]
[Round "5.31"]
[White "Schnoor,E"]
[Black "Rozov,B"]
[Result "1-0"]
[WhiteElo "2059"]
[BlackElo "2152"]

1.e4 c6 2.d4 g6 3.Nc3 Bg7 4.f4 d5 5.e5 Nh6 6.h3 O-O 7.g4 f6 8.Nf3 b6 9.Be3 Ba6
10.f5 Bxf1 11.Rxf1 gxf5 12.Qd2 Nf7 13.exf6 exf6 14.O-O-O Re8 15.Bf4 Nd6 16.Bxd6 Qxd6
17.Nh4 a5 18.Nxf5 Qd8 19.Ne2 Ra7 20.Neg3 Rf7 21.Rde1 Bf8 22.Rxe8 Qxe8 23.Re1 Qd8
24.Nh5 Na6 25.Re6 c5 26.c3 Kh8 27.Qe2 Nc7 28.Rxb6 cxd4 29.cxd4 a4 30.a3 Qc8
31.Kb1 Qd8 32.Rc6 Kg8 33.Ka1 Kh8 34.Ka2 Kg8 35.Ka1 Kh8 36.Qd3 Kg8 37.Ka2 Kh8
38.Kb1 Kg8 39.Qe3 Nb5 40.Ka2 Kh8 41.Qc1 Nc7 42.Rb6 Kg8 43.Qc6 Ne8 44.Ra6  1-0

[Event "24th ch-NATO 2013"]
[Site "Rynia POL"]
[Date "2013.08.15"]
[Round "6.21"]
[White "Keough,R"]
[Black "Pos,Nicolaas"]
[Result "1-0"]
[WhiteElo "2077"]
[BlackElo "1884"]

1.e4 c6 2.d4 g6 3.Nc3 Bg7 4.Nf3 d6 5.Be3 Nd7 6.Bd3 Ngf6 7.h3 e5 8.Qd2 exd4
9.Nxd4 Ne5 10.Be2 O-O 11.f4 Ned7 12.Nb3 Nb6 13.O-O-O d5 14.e5 Ne8 15.Bc5 Nc7
16.g4 Re8 17.h4 Be6 18.h5 Na6 19.hxg6 Nc4 20.gxf7+ Bxf7 21.Bxc4 Nxc5 22.Nxc5 dxc4
23.Qh2  1-0

[Event "21st Troya Open 2013"]
[Site "Canakkale TUR"]
[Date "2013.08.17"]
[Round "1.16"]
[White "Agdelen,Huseyin Can"]
[Black "Hasman,C"]
[Result "1-0"]
[WhiteElo "1782"]
[BlackElo "2152"]

1.e4 g6 2.d4 Bg7 3.Nc3 c6 4.f4 d5 5.e5 Nh6 6.Nf3 O-O 7.Be3 Bg4 8.Bd3 f6 9.Qd2 e6
10.O-O-O Bxf3 11.gxf3 c5 12.dxc5 Nc6 13.Ne2 Nf7 14.Nd4 Qe7 15.Nxc6 bxc6 16.exf6 Qxf6
17.c3 Nh6 18.Rde1 Rae8 19.Rhg1 Qh4 20.Kb1 Rf7 21.Rg2 Qh5 22.Rf1 Rb8 23.Ka1 Rfb7
24.Qe1 Kf7 25.Bc1 Nf5 26.Qe2 Qh4 27.Re1 Qf6 28.Qc2 Bf8 29.Qa4 Bxc5 30.Qxc6 Be7
31.Rge2 Rb6 32.Qa4 R8b7 33.Qc2 Bf8 34.a4 Bg7 35.a5 Rc6 36.Qa4 Rbc7 37.Bb5 Rd6
38.Qa3 Qd8 39.Bd3 Ne7 40.Be3 Rdc6 41.Bd2 Nc8 42.Bb5 Rc5 43.Bd3 R7c6 44.c4 dxc4
45.Be4 c3 46.Bxc6 cxd2 47.Qxc5 dxe1=Q+ 48.Rxe1 Qxa5+ 49.Qxa5  1-0

[Event "12th Lichtenberger Sommer"]
[Site "Berlin GER"]
[Date "2013.08.18"]
[Round "2.11"]
[White "Martin,Julian"]
[Black "Lorenz,Sa"]
[Result "1/2-1/2"]
[WhiteElo "1888"]
[BlackElo "2283"]

1.e4 g6 2.d4 Bg7 3.Nc3 c6 4.Nf3 d5 5.Bf4 Bg4 6.exd5 cxd5 7.Nb5 Na6 8.Qe2 Bxf3
9.gxf3 Qb6 10.O-O-O Rd8 11.Re1 e6 12.c4 dxc4 13.Qxc4 Bh6 14.Be3 Ne7 15.Qa4 Bxe3+
16.fxe3 O-O 17.Nc3 Rc8 18.Qb5 Qc7 19.Kd2 Rfd8 20.Bd3 Rd6 21.Qe5 Nb8 22.Ne4 Rb6
23.Nf6+ Kh8 24.Qxc7 Rxc7 25.Rb1 Nd7 26.Nxd7 Rxd7 27.Rhc1 Nc6 28.Rc5 f5 29.f4 g5
30.fxg5 f4 31.exf4 Nxd4 32.Ke3 Rbd6 33.Be4 b6 34.Rc3 Kg7 35.Rbc1 Nf5+ 36.Bxf5 exf5
37.Rc7 Re6+ 38.Kf3 Ree7 39.Rxd7 Rxd7 40.Re1 Rd3+ 41.Re3 Rd2 42.Re2 Rd3+ 43.Kf2 Kg6
44.Re6+ Kf7 45.Ke2 Rh3 46.Rh6 Rxh6 47.gxh6 Ke6 48.Ke3 Kd5 49.Kd3 a5 50.h3 b5
51.a3 b4 52.axb4 axb4 53.h4 Kc5 54.h5 Kd5 55.b3 Kc5  1/2-1/2

[Event "Brasschaat Open 2013"]
[Site "Brasschaat BEL"]
[Date "2013.08.18"]
[Round "2.2"]
[White "Decrop,B"]
[Black "Dgebuadze,A"]
[Result "0-1"]
[WhiteElo "1948"]
[BlackElo "2515"]

1.e4 g6 2.d4 Bg7 3.Nc3 c6 4.f4 d5 5.Nf3 Nh6 6.e5 Bg4 7.Bd3 Nf5 8.Ne2 Bxf3
9.gxf3 e6 10.Bxf5 Qh4+ 11.Kd2 exf5 12.Qe1 Qe7 13.b3 Na6 14.a4 Rc8 15.Ba3 Qd8
16.Nc3 Nc7 17.Ke3 Ne6 18.Ne2 b6 19.Rd1 c5 20.c4 Bf8 21.dxc5 bxc5 22.cxd5 Nd4
23.Qc3 Qxd5 24.Kf2 Qb7 25.b4 Nxe2 26.Kxe2 cxb4 27.Qd4 Bc5 28.Qc4 bxa3 29.Rb1 Bb6  0-1

[Event "22nd ZMDI Open 2013"]
[Site "Dresden GER"]
[Date "2013.08.18"]
[Round "9.17"]
[White "Schroeder,Ja"]
[Black "Rozov,B"]
[Result "1-0"]
[WhiteElo "2355"]
[BlackElo "2152"]

1.e4 g6 2.d4 Bg7 3.Nc3 c6 4.Nf3 d6 5.a4 Bg4 6.Be2 Bxf3 7.Bxf3 Qb6 8.Ne2 Nd7
9.a5 Qc7 10.Be3 e6 11.Qd2 Ne7 12.Ng3 c5 13.c3 Nc6 14.b4 e5 15.d5 Ne7 16.Bg4 h5
17.Bxd7+ Kxd7 18.O-O f5 19.exf5 gxf5 20.Bg5 h4 21.Ne2 f4 22.Bxe7 Kxe7 23.bxc5 Qxc5
24.Rab1 Rab8 25.Rfe1 Kd8 26.Qd3 h3 27.Qg6 Qc7 28.Nxf4 exf4 29.Qg5+ Kc8 30.Re7  1-0

[Event "TCh-POR Div1 Final 2013"]
[Site "Matosinhos POR"]
[Date "2013.08.18"]
[Round "2.2"]
[White "Vasconcellos,RF"]
[Black "Cavaleiro,D"]
[Result "1-0"]
[WhiteElo "2046"]
[BlackElo "1893"]

1.e4 g6 2.d4 Bg7 3.Nc3 c6 4.Nf3 d5 5.Be2 Bg4 6.Be3 dxe4 7.Nxe4 Nh6 8.c3 O-O
9.O-O Nd7 10.Qb3 Qc7 11.Rfe1 Nf5 12.Bf4 Rad8 13.Rad1 Bxf3 14.Bxf3 e5 15.Bg5 Rde8
16.d5 h6 17.Bc1 cxd5 18.Rxd5 b6 19.Bg4 Re6 20.Red1 Nf6 21.Nxf6+ Rxf6 22.Rd7 Qb8
23.Qa3 a5 24.Bxf5 Rxf5 25.Be3 Rf6 26.R7d6 Kh7 27.Rxf6 Bxf6 28.Bxb6 a4 29.Qd6 Qxd6
30.Rxd6 Bg5 31.Kf1 Rc8 32.Ba5 Bc1 33.b3 axb3 34.axb3 e4 35.Ke2 Kg7 36.c4 Ra8
37.Rd5 Bb2 38.b4 Kf6 39.c5 Ke6 40.Rd6+ Ke7 41.Rd1 Ra6 42.Rd2 Be5 43.g3 f5
44.f3 exf3+ 45.Kxf3 Ke6 46.Rd3 g5 47.Bd8 Ra2 48.h3 Rh2 49.c6 Rc2 50.b5 f4
51.gxf4 gxf4 52.Rb3 h5 53.c7 Bxc7 54.Bxc7 Rxc7 55.Kxf4 Kf6 56.b6 Rb7 57.Rb5 Kg6
58.Rb4 Kh6 59.Ke5 Kg5 60.h4+  1-0

[Event "ch-FRA w 2013"]
[Site "Nancy FRA"]
[Date "2013.08.19"]
[Round "8.6"]
[White "Choisy,M"]
[Black "Safranska,A"]
[Result "1-0"]
[WhiteElo "2150"]
[BlackElo "2312"]

1.e4 g6 2.d4 Bg7 3.Nc3 c6 4.Nf3 d6 5.Be3 Bg4 6.Be2 Nf6 7.h3 Bxf3 8.Bxf3 Nbd7
9.g4 Qa5 10.O-O h5 11.g5 Nh7 12.h4 e5 13.Be2 O-O-O 14.d5 Nb8 15.a3 a6 16.b4 Qc7
17.a4 Kd7 18.a5 Ke7 19.Bb6 Qc8 20.Kh2 Rdf8 21.Qd3 f6 22.f4 fxg5 23.fxg5 Rf4
24.Rxf4 exf4 25.Bd4 Be5 26.Bxe5 dxe5 27.Rd1 Rd8 28.d6+ Ke8 29.Qc4 Nf8 30.Na4 Qe6
31.Nc5 Qxc4 32.Bxc4 Rd7 33.Nxd7 Nbxd7 34.Bg8 Kd8 35.Kg2 Kc8 36.Bf7 Kb8 37.c4 Ka7
38.Kf2 Kb8 39.Ke2 Ka7 40.Rb1 Kb8 41.b5 axb5 42.cxb5 cxb5 43.Rxb5 Ka7 44.Kd3  1-0

[Event "Brasschaat Open 2013"]
[Site "Brasschaat BEL"]
[Date "2013.08.20"]
[Round "4.2"]
[White "Dardha,A"]
[Black "Dgebuadze,A"]
[Result "0-1"]
[WhiteElo "2272"]
[BlackElo "2515"]

1.e4 g6 2.d4 Bg7 3.Nc3 c6 4.f4 d5 5.exd5 cxd5 6.Nf3 Bg4 7.Bb5+ Nc6 8.O-O Nh6
9.Ne2 a6 10.Bxc6+ bxc6 11.Ne5 Qb6 12.c3 O-O 13.Nd3 Nf5 14.Qc2 f6 15.Nc5 e5
16.h3 Bxe2 17.Qxe2 Ng3 18.Qf2 Nxf1 19.Nd7 Qb5 20.Nxf8 Rxf8 21.Qxf1 exd4 22.Qxb5 cxb5
23.cxd4 f5 24.Be3 Rc8 25.Rf1 Rc4 26.Rd1 Rc2 27.Rc1 Rxb2 28.Rc8+ Bf8 29.a3 Ra2
30.Bc1 a5 31.Kh2 b4 32.axb4 axb4 33.Rb8 Rc2 34.Be3 Re2 35.Bc1 Re4 36.Rd8 Rxd4
37.Be3 Rc4 38.Rxd5 b3 39.Bd4 Rb4 40.Bb2 Rb7 41.Kg3 Bg7 42.Rd2 Bxb2 43.Rxb2 Kf7
44.Kf3 Ke6 45.Ke3 Kd5 46.Kd3 h5 47.h4 Rb8 48.g3 Rb7 49.Kc3 Ke4 50.Kc4 Kf3
51.Kd4 Kxg3 52.Ke3 Re7+ 53.Kd2 Kxf4 54.Rxb3 Re6  0-1

[Event "21st Troya Open 2013"]
[Site "Canakkale TUR"]
[Date "2013.08.20"]
[Round "5.13"]
[White "Yaver,Faik Emre"]
[Black "Hasman,C"]
[Result "0-1"]
[WhiteElo "1908"]
[BlackElo "2152"]

1.e4 g6 2.d4 Bg7 3.Nc3 c6 4.Nf3 d6 5.Be3 Nf6 6.Bd3 O-O 7.Qd2 Nbd7 8.h3 Qc7
9.a4 b6 10.O-O e5 11.Rfe1 a6 12.Bc4 Bb7 13.dxe5 dxe5 14.Bb3 b5 15.a5 b4 16.Na4 c5
17.Red1 Rad8 18.Bd5 Nxe4 19.Bxe4 Bxe4 20.Qd6 Qxd6 21.Rxd6 Bxc2 22.Nxc5 Nxc5
23.Bxc5 e4 24.Ne1 b3 25.Rxd8 Rxd8 26.Ba3 Rd2 27.Rc1 Bd4 28.Nxc2 Bxf2+ 29.Kf1 bxc2
30.b4 Bg3 31.b5 e3  0-1